000 00306pab a2200121 454500
008 180718b xxu||||| |||| 00| 0 eng d
100 _aDandavate, Madhu
245 _aNEP: Prescription for disaster
650 _a Economic Policy
650 _aEconomic Development
773 _aEconomic Times
909 _a21692
999 _c21692
_d21692